00374nam a2200145Ia 4500003000400000005001700004008004100021040000900062082001800071100001400089245007500103260002900178300000900207650001200216OSt20200701151333.0190216s9999||||xx |||||||||||||| ||und|| coclc a909.07bART/M aArtz, F B 0aMind Of The Middle Ages:bAn Historical Survey AD 200-1500 /cF B Artz bA S Publications,c1952. a584p aHistory